• 首页
  • 本馆介绍
  • 公告通知
  • 最新文献
  • 馆藏检索
  • 电子资源
  • 读者导购
  • 参考咨询
  • 我的图书馆
  • 登录
  • 详细信息显示
  • 放入我的书架
  • 预约/预借图书
  • 作者相关作品
  • 分类相关作品
  • 丛书相关作品
  • 出版社相关作品

书目信息

  • 表格格式
  • 工作单格式
  • 卡片格式
题名:
创新发展与科学扬弃
    
 
作者: 胡钧 著
分册:  
出版信息: 北京   中国言实出版社  2014
页数: 260页
开本: 24cm
丛书名:
单 册:
中图分类: F0-0 , F091.3-53
科图分类:
主题词: 马克思主义政治经济学--文集 , 西方经济学--文集
电子资源:
ISBN: 978-7-5171-0327-1
000 01194nam0 2200277 450
001 339560
005 20150608162028.51
010    @a978-7-5171-0327-1@dCNY49.00
100    @a20140822d2014 em y0chiy50 ea
101 0  @achi
102    @aCN@b110000
105    @ay z 000yy
106    @ar
200 1  @a创新发展与科学扬弃@Achuang xin fa zhan yu ke xue yang qi@e马克思主义政治经济学与现代西方经济学的几个带根本性的理论分歧@f胡钧著
210    @a北京@c中国言实出版社@d2014
215    @a260页@d24cm
300    @a当代社科研究文库
330    @a本书收录了《经济学研究中的历史观问题》、《“经济人”假设的历史观和方法论——“经济人”与“人格化资本”两种不同规定的本质区别》、《唯心史观和社会学中的主观方法批判——读列宁<什么是“人民之友”以及他们如何攻击社会民主党人”?>》等文章。
517 1  @a马克思主义政治经济学与现代西方经济学的几个带根本性的理论分歧@Ama ke si zhu yi zheng zhi jing ji xue yu xian dai xi fang jing ji xue de ji ge dai gen ben xing de li lun fen qi
606 0  @a马克思主义政治经济学@j文集
606 0  @a西方经济学@j文集
690    @aF0-0@v5
690    @aF091.3-53@v5
701  0 @a胡钧@Ahu jun@f(1928)@4著
801  0 @aCN@b卓展宏图@c20150525
905    @dF0-0@e477@f4
    
    创新发展与科学扬弃:马克思主义政治经济学与现代西方经济学的几个带根本性的理论分歧/胡钧著.-北京:中国言实出版社,2014
    260页;24cm
    当代社科研究文库
    
    ISBN 978-7-5171-0327-1:CNY49.00
    本书收录了《经济学研究中的历史观问题》、《“经济人”假设的历史观和方法论——“经济人”与“人格化资本”两种不同规定的本质区别》、《唯心史观和社会学中的主观方法批判——读列宁<什么是“人民之友”以及他们如何攻击社会民主党人”?>》等文章。
●
相关链接 在E读中查询图书 在五车中查询图书 在当当中查询图书 在豆瓣中查询图书


正题名:创新发展与科学扬弃     索取号:F0-0/477         预约/预借

序号 登录号 条形码 馆藏地/架位号 状态 备注
1 863146   208631462   第一样本阅览室/ [索取号:F0-0/477] 在馆    
2 863147   208631471   密集书库-海洋学院/ [索取号:F0-0/477] 在馆    
3 863148   208631480   第一借阅区/ [索取号:F0-0/477] 在馆    
4 863149   208631499   第一借阅区/ [索取号:F0-0/477] 在馆    
唐山师范学院图书馆 欢迎您!
大连网信软件有限公司© 版权所有